| 000 | 00874cab a2200217 4500 | ||
|---|---|---|---|
| 001 | E89973 | ||
| 008 | 090401t1998 xxu||||| |||| 00| 0 eng d | ||
| 035 | _a(Sirsi) u84424 | ||
| 041 | _aeng | ||
| 245 | _aMTM Construction Ltd v William Reid Engineering Ltd | ||
| 260 | _c1998 | ||
| 350 | _a0 | ||
| 490 |
_aScots Law Times _v1998 SLT 211-213(3) |
||
| 520 | _aOuter House 28 January 1997. Reparation - negligence - building operations - subcontractor instructing sub-subcontractor to carry out hazardous works - whether subcontractor liable for damage resulting from hazardous works carried out by sub-subcontractor - whether main contractor entitled to sue for damage caused to own property. | ||
| 650 | _aHAZARDOUS WORKS | ||
| 650 | _aNEGLIGENCE | ||
| 650 | _aSUBCONTRACTORS | ||
| 690 | _aBUILDING AND CONSTRUCTION-CASE LAW | ||
| 942 | _n0 | ||
| 948 | _c23/02/1998 | ||
| 999 |
_c53054 _d53054 |
||